Gente del Wyoming
Salvato in:
| Autore principale: | |
|---|---|
| Natura: | Libro |
| Lingua: | lingua imprecisata |
| Pubblicazione: |
Milano
Baldini & Castoldi
1999
|
| Tags: |
Nessun Tag, puoi essere il primo ad aggiungerne!!
|
MARC
| LEADER | 00000nam a2200000Ia 4500 | ||
|---|---|---|---|
| 001 | 277 | ||
| 003 | NUMERAZIONE-ORIGINALE-BRESCIA | ||
| 005 | 20260206230751.0 | ||
| 008 | 260206s9999 xx 000 0 und d | ||
| 100 | |a Proulx E. Annie | ||
| 245 | 0 | |a Gente del Wyoming | |
| 260 | |a Milano | ||
| 260 | |b Baldini & Castoldi | ||
| 260 | |c 1999 | ||
| 500 | |a Brokeback Mountain | ||
| 500 | |a Romanzi e racconti | ||
| 942 | |2 ddc |c BK |n 0 | ||
| 952 | |0 0 |1 0 |2 ddc |4 0 |6 32 |7 0 |9 28476 |a BS |b BS |d 2026-02-06 |i 277 |l 0 |o 3-2-* |r 2026-02-06 22:40:36 |w 2026-02-06 |x [REVISIONARE] |y BK | ||
| 999 | |c 24155 |d 24155 | ||